00831nam a22001577a 4500003000500000020002200005082001500027100003400042245004600076260002900122300002000151505034400171942001200515999001900527952012700546NUST a978-81-203-3444-1 a519.4, BIS aBISWAL, PURNA CHANDRA9103705 aNumerical Methods: bPurna Chandra Biswal aIndia bPHI Press c2008 aix, 358: pages  aNumber Systems and Errors (Page-1-12), Root Finding (Page-13-68),Numerical Solution of Linear System (Page-69-97),Interpolation (Page-98-147),Spline (Page-148-172),Numerical Differentiation (Page-173-177),Integration (Page-178-227),Initial Value Problem (Page-228-291),Eigenvalue (Page-292-304),Method of Weighted Residuals (Page-305-353). 2ddccBK c592510d592510 00102ddc4070aMCSbMCScGENd2022-11-28l0o519.4, BISpMCS37749r2022-11-28w2022-11-28yBKzAlmirah No.14, Shelf No.3